Kto wybiegł wtedy na boisko? Finał Pucharu Polski 2024 - Statystyki

Ogólne statystyki
  • Ten quiz został rozwiązany 22 razy
  • Średni wynik to 16 z 34
Statystyki odpowiedzi
Pozycja Zawodnik % Poprawnych
Lewy Skrzydłowy Kamil Grosicki
100%
Napastnik Angel Rodado
76%
Bramkarz Valentin Cojocaru
71%
Trener Jens Gustafsson
65%
Środkowy Obrońca Alan Uryga
59%
Lewy Obrońca Dawid Szot
59%
Prawy Skrzydłowy Adrian Przyborek
53%
Zmiennik Benedikt Zech
53%
Napastnik Efthymios Koulouris
53%
Środkowy Obrońca Mariusz Malec
53%
Napastnik Szymon Sobczak
53%
Środkowy Pomocnik Fredrik Ulvestad
47%
Środkowy Pomocnik Kacper Duda
47%
Zmiennik Kacper Smoliński
47%
Lewy Obrońca Leo Borges
47%
Zmiennik Luka Zahovic
47%
Trener Albert Rude
41%
Prawy Skrzydłowy Angel Baena
41%
Bramkarz Anton Chichkan
41%
Lewy Skrzydłowy Jesus Alfaro
41%
Środkowy Pomocnik Joao Gamboa
41%
Środkowy Obrońca Joseph Colley
41%
Prawy Obrońca Leonardo Koutris
41%
Zmiennik Marcel Wędrychowski
41%
Zmiennik Michał Żyro
41%
Prawy Obrońca Bartosz Jaroch
35%
Zmiennik Eneko Satrustegui
35%
Zmiennik Joan Goku
35%
Zmiennik Patryk Gogół
35%
Środkowy Obrońca Linus Wahlqvist
29%
Środkowy Pomocnik Marc Carbo
29%
Środkowy Pomocnik Alexander Gorgon
24%
Zmiennik Miki Villar
24%
Zmiennik Vahan Bichakhchyan
18%
Nie znaleziono quizów pasujących do podanych kryteriów
Rozkład punktacji
Procent ludzi z każdym wynikiem
Percentyl według liczby udzielonych odpowiedzi
Twoja historia wyników
Nie rozwiązałeś tego quizu